Normal view
MARC view
Entry Topical Term
001 - CONTROL NUMBER
- control field: 114436
003 - CONTROL NUMBER IDENTIFIER
- control field: OSt
005 - DATE AND TIME OF LATEST TRANSACTION
- control field: 20230525170206.0
008 - FIXED-LENGTH DATA ELEMENTS
- fixed length control field: 230525|| aca||aabn | a|a d
040 ## - CATALOGING SOURCE
- Original cataloging agency: OSt
- Transcribing agency: OSt
150 ## - HEADING--TOPICAL TERM
- Topical term or geographic name entry element: General
670 ## - SOURCE DATA FOUND
- Source citation: Work cat.: (OSt)167468: THORPE (Edgar);THORPE (Showick) 114435, General studies: paper-2 for the civil services preliminary examination 2016, 2016